|
|
|
|
| LEADER |
00000nab a2200000 a 4500 |
| 001 |
vtls008885413 |
| 003 |
SK-MaSNL |
| 005 |
20260304141654.0 |
| 008 |
250505c2006 xo mr|p|||| |000 b|slo |
| 015 |
|
|
|a SNBRB2006/11
|
| 035 |
|
|
|a (uuid)f28601c8-4835-4b4a-9c74-515aa664e93e
|
| 035 |
|
|
|a urn:nbn:sk:snk-abc13c
|
| 035 |
|
|
|a (urnnbn)urn:nbn:sk:snk:ar-000xyi
|
| 038 |
|
|
|a SPK
|
| 040 |
|
|
|a SNKBUCL
|b slo
|c SNKBUCL
|e AACR2
|
| 041 |
0 |
|
|a slo
|
| 044 |
|
|
|a xo
|c SK
|
| 072 |
|
7 |
|a 371
|x Školstvo (organizácia)
|2 konspekt
|
| 080 |
|
|
|a 371
|x (437.6)
|x (09)
|2 1997
|
| 100 |
1 |
|
|a Malovecká, Milota
|4 aut
|9 698274
|
| 245 |
1 |
0 |
|a Ratio educationis - prvá jednotná školská sústava
|c Milota Malovecká
|
| 300 |
|
|
|b Fotogr.
|
| 650 |
0 |
7 |
|a školstvo
|2 snkbucl
|9 19712
|
| 650 |
0 |
7 |
|a systém výchovy a vzdelávania
|2 snkbucl
|9 1081024
|
| 650 |
0 |
7 |
|a výchovno-vzdelávacie ciele
|2 snkbucl
|9 71474
|
| 650 |
0 |
7 |
|a školské reformy
|2 snkbucl
|9 50060
|
| 651 |
|
7 |
|a Uhorsko
|2 snkbucl
|9 28673
|
| 773 |
0 |
|
|t Rodina a škola
|g Roč. 54, č. 9 (2006), s. [obál.]
|x 0231-6463
|
| 850 |
|
|
|a Slovenská národná knižnica
|
| 852 |
|
|
|a Slovenská národná knižnica
|
| 954 |
|
|
|a odborná, vedecká literatúra pôvodná (slovenská)
|2 lita
|
| 958 |
|
|
|a article15
|
| 958 |
|
|
|a OND
|
| 958 |
|
|
|a EUIPO
|
| 999 |
|
|
|c 2919313
|d 2921243
|